Score 0/38 Timer 10:00
0 Plays Today
% Correct
Vulcan
94.7%
Human
92%
Borg
86.5%
Romulan
83.9%
Android
83.2%
Klingon
83.1%
Ferengi
79.7%
Cardassian
73.9%
Q
73%
Tribble
71.7%
Betazoid
68.2%
Changeling
68%
Bajoran
67.3%
Trill
58.1%
Andorian
56.6%
Gorn
53.4%
Talaxian
48.3%
Jem'Hadar
46%
Ocampa
45.9%
% Correct
Orion
43.4%
Kazon
41%
Breen
38.1%
Bolian
37.6%
Species 8472
37.6%
El-Aurian
37.2%
Vorta
36.3%
Hirogen
30.9%
Reman
30.8%
Denobulan
29.2%
Tellarite
28.8%
Tholian
28.1%
Nausicaan
25.9%
Suliban
25%
Xindi
23.3%
Vidiian
22.8%
Son'a
21.3%
Pakled
18.7%
Benzite
18%

You're not logged in!

Compare scores with friends on all Sporcle quizzes.
OR
Log In

Sporcle TV

Today on Sporcle TV


Watch our educational content, quiz creation guides, and fun videos on Sporcle TV.

Show Comments

Extras

Top Quizzes Today


Score Distribution

Paid Content

Your Account Isn't Verified!

In order to create a playlist on Sporcle, you need to verify the email address you used during registration. Go to your Sporcle Settings to finish the process.

Report this User

Report this user for behavior that violates our Community Guidelines.

Details: